| 000 | 00824cam a2200301 i 4500 | ||
|---|---|---|---|
| 001 | 0000854 | ||
| 003 | DO-SdBPM | ||
| 005 | 20250521130940.0 | ||
| 007 | 0000854 | ||
| 008 | 100514s1994 sp a | |||| 000 f spa | ||
| 015 | _a | ||
| 017 |
_a _b |
||
| 020 | _a842413382X | ||
| 035 | _a | ||
| 040 |
_aDO-SdBPM _bspa _cBPMSU _e |
||
| 080 | _a | ||
| 082 | 4 |
_a808.83 _bB435d 1994 _222 |
|
| 245 | 0 | 0 |
_aBella durmiente _h |
| 260 |
_aLeón, España : _bLibsa,Editorial Everest, _c1994 |
||
| 300 |
_avarias paginaciones : _bil. ; _c27 cm. |
||
| 490 | 0 | _aNueva antología | |
| 590 | _aInventariado, 2025/VM | ||
| 650 | 4 |
_aCuentos infantiles _vColecciones |
|
| 650 | 4 |
_aPrincesa _vCuentos infantiles |
|
| 650 | 4 | _aLibros ilustrados para niños | |
| 910 | _a VMateo V. Control de calidad. BPMSU | ||
| 942 |
_2ddc _cBK |
||
| 999 |
_c15074 _d15074 |
||